|
|
|
|
| LEADER |
00652nam a22002172a 4500 |
| 001 |
001734264 |
| 003 |
CZ BrMZK |
| 005 |
20200309075031.0 |
| 007 |
ta |
| 008 |
200309s1924 xr er|||||||||||cze d |
| 015 |
|
|
|a cnb000593735
|
| 040 |
|
|
|a ABA001
|b cze
|c OSA001
|d ABA001
|d BOA001
|
| 100 |
1 |
|
|a Houska, Miroslav,
|d 1904-1970
|7 jk01042474
|4 aut
|
| 245 |
1 |
0 |
|a Pater noster :
|b cyklus /
|c Miroslav Houska
|
| 260 |
|
|
|a Třeboň :
|b Družstvotisk,
|c 1924
|
| 300 |
|
|
|a 16 s. ;
|c 8°
|
| 910 |
|
|
|a BOA001
|b OB1-0685.932
|
| 990 |
|
|
|a BK
|
| 993 |
|
|
|a Y
|
| 991 |
|
|
|b 202003
|
| 996 |
6 |
|
|b 2618837894
|c OB1-0685.932
|l MZK
|r Sklad / do 24 hodin
|n 0
|w 001785842
|u 000010
|a 1
|e BOA001
|j MZK50
|s P
|